Shakespeare (Record no. 1704)
[ view plain ]
| 000 -LEADER | |
|---|---|
| fixed length control field | 00488nam a2200181 4500 |
| 082 ## - DEWEY DECIMAL CLASSIFICATION NUMBER | |
| Classification number | 822.338 |
| Item number | SHA /EVA |
| 041 ## - LANGUAGE CODE | |
| Language code of text/sound track or separate title | ENG |
| 100 ## - MAIN ENTRY--PERSONAL NAME | |
| Personal name | Evans, Gareth Lloyd |
| 245 ## - TITLE STATEMENT | |
| Title | Shakespeare |
| Statement of responsibility, etc. | Gareth Lloyd Evans |
| 260 ## - PUBLICATION, DISTRIBUTION, ETC. | |
| Place of publication, distribution, etc. | Edinburgh |
| Name of publisher, distributor, etc. | Oliver and Boyd |
| Date of publication, distribution, etc. | 1971 |
| 300 ## - PHYSICAL DESCRIPTION | |
| Extent | 5pts.: plates.; 18cm.- |
| 490 ## - SERIES STATEMENT | |
| Series statement | Writers and critics |
| 500 ## - GENERAL NOTE | |
| General note | pt. 1-1564-1592 |
| 500 ## - GENERAL NOTE | |
| General note | pt. 3-1599-1604 |
| 500 ## - GENERAL NOTE | |
| General note | pt. 4-1601-1605 |
| 500 ## - GENERAL NOTE | |
| General note | pt. 5-1606-1616 |
| 500 ## - GENERAL NOTE | |
| General note | pt.2 is not in the library |
| Withdrawn status | Lost status | Damaged status | Not for loan | Collection code | Home library | Current library | Date acquired | Total Checkouts | Full call number | Barcode | Date last seen | Price effective from | Koha item type | Copy number |
|---|---|---|---|---|---|---|---|---|---|---|---|---|---|---|
| ENGLISH | North Eastern Hill University | North Eastern Hill University | 18/11/2011 | 822.338 SHA /EVA | A1580.1 | 18/11/2011 | 18/11/2011 | Books | ||||||
| ENGLISH | North Eastern Hill University | North Eastern Hill University | 18/11/2011 | 822.338 SHA /EVA | A1581.1 | 18/11/2011 | 18/11/2011 | Books | ;1 | |||||
| ENGLISH | North Eastern Hill University | North Eastern Hill University | 18/11/2011 | 822.338 SHA /EVA | A1582.3 | 18/11/2011 | 18/11/2011 | Books | ||||||
| ACADEMIC STAFF COLLEGE | North Eastern Hill University | North Eastern Hill University | 18/11/2011 | 822.338 SHA /EVA | 2442.1 | 18/11/2011 | 18/11/2011 | Books | ;2 | |||||
| ACADEMIC STAFF COLLEGE | North Eastern Hill University | North Eastern Hill University | 18/11/2011 | 822.338 SHA /EVA | 2445.3 | 18/11/2011 | 18/11/2011 | Books | ;1 | |||||
| ACADEMIC STAFF COLLEGE | North Eastern Hill University | North Eastern Hill University | 18/11/2011 | 822.338 SHA /EVA | 3600.4 | 18/11/2011 | 18/11/2011 | Books | ||||||
| ACADEMIC STAFF COLLEGE | North Eastern Hill University | North Eastern Hill University | 18/11/2011 | 822.338 SHA /EVA | 4042.4 | 18/11/2011 | 18/11/2011 | Books | ;1 | |||||
| ACADEMIC STAFF COLLEGE | North Eastern Hill University | North Eastern Hill University | 18/11/2011 | 822.338 SHA /EVA | 4047.5 | 18/11/2011 | 18/11/2011 | Books |
